El suelo de Arequipa convertido en cielo. En el extremo del religioso monasterio de Santa Rosa de Santa María que fundó el Illmo. S. D.D. Juan Bravo del Rivero, del Consejo de Su Magestad, Dignísimo Obispo de Arequipa

Uloženo v:
Podrobná bibliografie
Hlavní autoři: Odriozola, Manuel de (autor), Travada, Ventura (Autor), Polo, José Toribio (Autor), Pelliza y Tobar, José (Autor), Córdova y Urrutia, José María (Autor)
Další autoři: Palma, Ricardo (autor)
Médium: Kniha
Jazyk:španělština
Vydáno: Lima Imprenta del Estado, calle de la Rifa Núm. 58 1877
Vydání:1a. ed
Edice:Documentos Literarios del Perú, 10-11
Témata:
Tagy: Přidat tag
Žádné tagy, Buďte první, kdo vytvoří štítek k tomuto záznamu!

MARC

LEADER 00000nam a2200000 a 4500
001 UCJ6946
003 CL-VaPUC
008 070124e18770000PE |||||||||||||||||spa|d
082 0 4 |a Pe860  |b ODR  |2 21 
100 |a Odriozola, Manuel de  |e autor  |9 514624 
700 0 |a Travada, Ventura  |e author  |9 514625 
700 0 |a Polo, José Toribio  |e author  |9 514626 
700 |a Palma, Ricardo  |e autor  |9 352070 
700 0 |a Pelliza y Tobar, José  |e author  |9 514627 
700 0 |a Córdova y Urrutia, José María  |e author  |9 514628 
245 1 3 |a El suelo de Arequipa convertido en cielo. En el extremo del religioso monasterio de Santa Rosa de Santa María que fundó el Illmo. S. D.D. Juan Bravo del Rivero, del Consejo de Su Magestad, Dignísimo Obispo de Arequipa 
246 1 0 |a Apuntes sobre Trujillo y sus obispos 
246 1 0 |a Momias de los incas 
246 1 0 |a Apuntes para la crónica Tauromáquica de Lima 
246 1 4 |a Los portugueses y la Inquisición 
246 1 0 |a Gigantes 
246 1 0 |a Canción Indiana 
246 1 0 |a Noticia de la horrorosa inundación de Potosí, acaecida el 1§ de marzo de 1626 
246 1 0 |a De los notables terremotos que la Provincia de los Charcas ha sufrido 
246 1 0 |a Noticias históricas y estadísticas sobre Lima publicadas el año de 1839 
246 1 0 |a Concilio Limense 
246 1 0 |a Apuntes sobre la Historia Eclesiástica de Arequipa 
246 1 0 |a Actas de la Sociedad Patriótica 
250 |a 1a. ed 
300 |a pág. irreg 
942 |c BK 
945 |d 20070124 00:00:00  |a rinostro 
260 |a Lima  |b Imprenta del Estado, calle de la Rifa Núm. 58  |c 1877 
500 |a Este volumen contiene los tomos 10 y 11 de la Colección 
600 0 7 |a BRAVO DE RIVERO, JUAN  |2 CL-VaPUC  |9 514629 
600 0 |a Monteagudo, Bernardo,  |d 1789-1825  |9 508541 
600 0 7 |a MORENO, IGNACIO  |2 CL-VaPUC  |9 514630 
650 0 |a Iglesia Católica  |9 256114 
650 7 |a TEMPLOS  |2 CL-VaPUC  |9 266644 
650 0 |a Historia local  |9 266584 
650 7 |a OBISPOS  |2 CL-VaPUC  |9 514631 
650 7 |a INCAS  |2 CL-VaPUC  |9 256565 
650 0 |a Arqueología   |9 265619 
650 7 |a MOMIAS  |2 CL-VaPUC  |9 492878 
650 0 |a Catástrofes naturales  |9 268107 
650 0 |a Inundaciones  |9 308711 
650 7 |a TEMBLORES Y TERREMOTOS  |2 CL-VaPUC  |9 513073 
650 0 |a Concilios  |9 315984 
650 7 |a TOPONIMIA  |2 CL-VaPUC  |9 514632 
650 7 |a TITULOS Y ARMAS  |2 CL-VaPUC  |9 514633 
650 0 |a Inquisición (Iglesia Católica)  |9 258578 
650 7 |a PORTUGUESES  |2 CL-VaPUC  |9 446290 
651 0 |a Perú  |9 256567 
651 7 |a LIMA  |2 CL-VaPUC  |9 350186 
651 7 |a AREQUIPA  |2 CL-VaPUC  |9 317976 
651 7 |a TRUJILLO  |2 CL-VaPUC  |9 509013 
583 |a last modification  |c 20121221 10:57:06  |k Rodrigo Vera 
490 0 |a Documentos Literarios del Perú, 10-11 
999 |c 323048  |d 323046 
952 |0 0  |1 0  |4 0  |6 PE_860_000000000000000_ODR_1877  |7 0  |8 X  |9 402282  |a FDOBUD  |b FDOBUD  |d 2019-11-22  |i 1055410  |o Pe860 ODR 1877  |p 1055410  |r 2019-11-22  |w 2019-11-22  |y BK_X  |k BUD